Statistiken für Alle PDC Darts Turniersieger 2013

Klicken Sie hier um das Quiz zu spielen!

Allgemein

  • Dieses Quiz wurde 41 mal gespielt
  • Das Durchschnittsergebnis liegt bei 37 aus 46

Antwortstatistiken

TurnierLandSpieler% Korrekt
Players Championship FinalsNiederlandeMichael van Gerwen
100%
PDPA Players Championship Wigan 2NiederlandeMichael van Gerwen
100%
UK Open Qualifier 2NiederlandeMichael van Gerwen
100%
PDPA Players Championship Crawley 2NiederlandeMichael van Gerwen
100%
UK Open Qualifier 3NiederlandeMichael van Gerwen
100%
Dubai MastersNiederlandeMichael van Gerwen
100%
PDC European Darts OpenNiederlandeMichael van Gerwen
100%
UK Open Qualifier 1NiederlandeMichael van Gerwen
100%
UK Open Qualifier 6NiederlandeMichael van Gerwen
100%
PDC Austrian Darts OpenNiederlandeMichael van Gerwen
100%
UK Open Qualifier 8NiederlandeMichael van Gerwen
100%
Premier LeagueNiederlandeMichael van Gerwen
100%
Sydney MastersEnglandPhil Taylor
100%
World MatchplayEnglandPhil Taylor
100%
World Grand PrixEnglandPhil Taylor
100%
Championship Of DartsEnglandPhil Taylor
100%
The MastersEnglandPhil Taylor
100%
Grand Slam Of DartsEnglandPhil Taylor
100%
UK OpenEnglandPhil Taylor
100%
World Darts ChampionshipEnglandPhil Taylor
100%
PDC Gibraltar Darts TrophyEnglandPhil Taylor
100%
PDPA Players Championship Ireland 1EnglandAdrian Lewis
96%
European ChampionshipEnglandAdrian Lewis
96%
PDPA Players Championship Crawley 1SchottlandPeter Wright
96%
PDC UK MastersKanadaJohn Part
84%
PDC Dutch Darts MastersBelgienKim Huybrechts
84%
Killarney Pro Tour 2BelgienKim Huybrechts
84%
UK Open Qualifier 7BelgienKim Huybrechts
84%
UK Open Qualifier 5AustralienSimon Whitlock
84%
PDPA Players Championship Wigan 5NordirlandBrendan Dolan
80%
PDPA Players Championship Barnsley 4NordirlandBrendan Dolan
80%
PDPA Players Championship Ireland 2NiederlandeRaymond van Barneveld
80%
Killarney Pro Tour 1SchottlandRobert Thornton
80%
PDPA Players Championship Wigan 1SchottlandRobert Thornton
80%
UK Open Qualifier 4SchottlandRobert Thornton
80%
PDC Youth World ChampionshipEnglandMichael Smith
72%
PDPA Players Championship Barnsley 2EnglandIan White
60%
PDPA Players Championship Wigan 6EnglandIan White
60%
PDPA Players Championship Barnsley 1EnglandDave Chisnall
52%
PDC German Darts ChampionshipEnglandDave Chisnall
52%
PDPA Players Championship Barnsley 3EnglandDave Chisnall
52%
PDC European Darts TrophyEnglandWes Newton
36%
PDC German Darts MastersEnglandSteve Beaton
24%
Gleneagle Irish MastersEnglandDarren Webster
16%
PDPA Players Championship Wigan 3EnglandJamie Caven
8%
PDPA Players Championship Wigan 4EnglandJamie Caven
8%

Verteilung der Resultate

Perzentil nach korrekt beantworteten Fragen

Anzahl Personen mit jedem Resultat

Ihre Resultats-Entwicklung

Sie haben dieses Quiz noch nicht gespielt